| 000 | 01309nam a22003615i 4500 | ||
|---|---|---|---|
| 999 |
_c20487 _d20459 |
||
| 003 | EG-ScBUE | ||
| 005 | 20201203123228.0 | ||
| 008 | 150809r20152006ii a frb 001 0 eng d | ||
| 020 | _a8123912900 | ||
| 020 | _a9788123912905 | ||
| 040 |
_aEG-ScBUE _beng _cEG-ScBUE _dEG-ScBUE |
||
| 082 | 0 | 4 |
_a617.63 _bJOS _222 |
| 100 | 1 |
_aJose, Maji, _eauthor. _939337 |
|
| 245 | 1 | 0 |
_aManual of oral histology & oral pathology : _bcolour atlas and text : with key points of identification provided with each figure / _cMaji Jose. |
| 246 | 3 | _aManual of oral histology and oral pathology | |
| 246 | 3 | 0 | _aOral histology and oral pathology |
| 250 | _aFirst edition. | ||
| 250 | _aReprinted edition. | ||
| 264 | 1 |
_aNew Delhi : _bCBS Publishers & Distributors PVT., _c2015. |
|
| 300 |
_aix, 161 pages : _billustrations (color) ; _c24 cm |
||
| 336 |
_atext _btxt _2rdacontent |
||
| 337 |
_aunmediated _bn _2rdamedia |
||
| 338 |
_avolume _bnc _2rdacarrier |
||
| 500 | _aIndex : p. 159-161. | ||
| 500 | _aReprint of the 2006 ed. | ||
| 650 | 7 |
_aMouth _xHistology _vAtlases. _2BUEsh |
|
| 650 | 7 |
_aMouth _xDiseases _vAtlases. _2BUEsh _937686 |
|
| 650 | 7 |
_aTeeth _xHistology _vAtlases. _2BUEsh |
|
| 650 | 7 |
_aTeeth _xDiseases _vAtlases. _2BUEsh |
|
| 651 | _2BUEsh | ||
| 653 |
_bDDENT _cAugust2015 _cFebruary2016 |
||
| 942 |
_2ddc _cBB |
||